Nedestruktivní vyšetřování betonových konstrukcí
Gespeichert in:
| Hauptverfasser: | , |
|---|---|
| Format: | Buch |
| Sprache: | Tschechisch |
| Veröffentlicht: |
Praha :
SNTL,
1977
|
| Ausgabe: | 1.vyd. |
| Tags: |
Keine Tags, Fügen Sie das erste Tag hinzu!
|
MARC
| LEADER | 00000nam a22000003a 4500 | ||
|---|---|---|---|
| 001 | stu183037 | ||
| 005 | 20150617225601.2 | ||
| 008 | 090414s1977----cs------------------cze-d | ||
| 040 | |a STU |b slo | ||
| 041 | 0 | |a cze | |
| 044 | |a cs | ||
| 080 | |a 620.179.1 | ||
| 080 | |a 624.012.4 | ||
| 100 | 1 | |a Pavlík, Adolf |4 aut | |
| 245 | 1 | |a Nedestruktivní vyšetřování betonových konstrukcí | |
| 250 | |a 1.vyd. | ||
| 260 | |a Praha : |b SNTL, |c 1977 | ||
| 300 | |a 275 s | ||
| 700 | 1 | |a Doležel, Jaroslav |4 aut | |
| 996 | |b 284V040113 |c V*20072/O-7717 |l VVS |s A |a 24 |w stu183037_0001 | ||
| 996 | |c V*16669/O-6071 |l VV16 |s P |a 0 |w stu183037_0002 | ||
| 996 | |c V*13231/O-3999 |l VV1 |s P |a 0 |w stu183037_0003 | ||
| 996 | |b 284V035766 |c V*20073/O-7717 |l VVS |s A |a 24 |w stu183037_0004 | ||
| 996 | |b 284V035907 |c V*13213/O-3985 |l VVS |s A |a 24 |w stu183037_0005 | ||